Statistics for General Knowledge Quiz #33

Click here to take the quiz!

General Stats

  • This quiz has been taken 135,782 times
    (60,041 since last reset)
  • The average score is 12 of 20

Answer Stats

QuestionAnswer% Correct
If I have an eye-patch, a peg-leg, and a parrot on my shoulder, what am I?a Pirate
96%
What body part do zombies crave?BRAAAIINNNS
86%
What city is associated with gondolas?Venice
84%
What type of animal killed the Crocodile Hunter?Sting Ray
82%
How many problems does Jay-Z have?99
82%
In what fictional kingdom was the "The Lion, the Witch, and the Wardrobe" set?Narnia
76%
Who said "my what big teeth you have"?Little Red Riding Hood
75%
What are criminal judges in the United Kingdom required to wear on their heads?a Wig
74%
What chemical element is charcoal mostly made of?Carbon
72%
What does a horticulturist study?Plants
70%
What is the common translation of the phrase "Carpe Diem"?Seize the Day
69%
Among the countries in Africa, which one has the largest economy?Nigeria
64%
What novel does Mr. Darcy famously appear in?Pride and Prejudice
56%
What body of water connects the Caribbean Sea to the Pacific Ocean?The Panama Canal
47%
What country did the Soviet Union invade in 1979?Afghanistan
47%
What is the meaning of the Portguese word São?Saint
43%
In the spy world, what is a "mechanic"?an Assassin
32%
What common first name is also a word that means "honest; blunt; candid"?Frank
30%
What country was formerly known as Formosa?Taiwan
23%
What language does the word "yogurt" come from?Turkish
23%

Score Distribution

Percentile by Number Answered

Percent of People with Each Score

Your Score History

You have not taken this quiz since the last reset